000 00620cam a2200181 a 4500
001 3572771
005 20231205044808.0
008 980409s1997 ce b b 000 1 eng
020 _a9559567004
040 _aDLC
_cDLC
082 _222
_a305.5.
_bRAT.
100 1 _aHoole, S. Ratnajeevan H.
245 1 4 _aThe exile returned :
_ba self-portrait of the Tamil Vellahlahs of Jaffna, Sri Lanka /
_cby S. Ratnajeevan H. Hoole.
260 _aDehiwala :
_bAruvi Publishers,
_c1997.
300 _axvii, 475 p. :
500 _a"Institute of Fundamental Studies, Kandy, Sri Lanka and Harvey Mudd College, Ca 91711, USA."
942 _cL
999 _c151
_d151